Quite Good, Considering - Taskmaster - Statistics

General Stats
  • This quiz has been taken 30 times
  • The average score is 112 of 142
Answer Stats
Answer % Correct
a
100%
is
96%
Rosalind,
96%
Rosalind
96%
he
92%
nightmare
92%
an
88%
but
88%
But
88%
for
88%
in
88%
of
88%
age
85%
f*cking
85%
her
85%
not
85%
plays
85%
quite
85%
she
85%
She
85%
woman
85%
average
81%
cellist
81%
far
81%
front
81%
jumps
81%
people
81%
The
81%
the
81%
well
81%
contracted
77%
eat
77%
meat
77%
sweets
77%
they
77%
won't
77%
athlete
73%
chicken
73%
Geriatric
73%
Rosalind's
73%
Alan
69%
Alan,
69%
are
69%
be
69%
could
69%
good
69%
has
69%
it
69%
kosher)
69%
men
69%
or
69%
quartet
69%
stole
69%
string
69%
two
69%
viola
69%
dreamier
65%
from
65%
inept
65%
player
65%
sons,
65%
(Unless
65%
you
65%
about
62%
Fiddling
62%
friends,
62%
it's
62%
married
62%
thing
62%
with
62%
how
58%
know
58%
met
58%
sadly,
58%
Southport,
58%
that
58%
debt
54%
great
54%
keeps
54%
out
54%
thief,
46%
newsagent,
42%
was
38%
septicaemia
23%
No matching quizzes found
Score Distribution
Percent of People with Each Score
Percentile by Number Answered
Your Score History
You have not taken this quiz